000 00216 a2200097 4500
001 18110
100 _aReza, F M
245 _aIntroduction to information theory
260 _a
_bMcGraw-Hill
_c
090 _c13404
_d13404
942 _aNUST-CAE
_cM
_c3786
999 _c253183
_d253183